Combien de ville de la Reunion (974) connais-tu ? - Statistiques

Statistiques générales
  • Ce quiz a été pris 480 fois
  • Le résultat moyen est 15 sur 24
Statistiques - réponses
Code postal Ville % Correct
97400 Saint-Denis
96%
97410 Saint-Pierre
89%
97460 Saint-Paul
87%
97430 Le Tampon
78%
97438 Sainte-Marie
77%
97470 Saint-Benoît
76%
97825 Le Port
75%
97416 Saint-Leu
75%
97439 Sainte-Rose
74%
97480 Saint-Joseph
74%
97440 Saint-André
72%
97450 Saint-Louis
69%
97413 Cilaos
68%
97419 La Possession
64%
97441 Sainte-Suzanne
62%
97433 Salazie
59%
97442 Saint-Philippe
54%
97412 Bras-Panon
47%
97425 Les Avirons
39%
97414 Entre-Deux
38%
97431 La Plaine-des-Palmistes
36%
97429 Petite-Île
36%
97427 L'Étang-Salé
25%
97426 Les Trois-Bassins
24%
Aucun quiz correspondant
Distribution des résultats
% des personnes avec chaque résultat
Percentile par nombre de réponses
Votre historique - résultats
Vous n’avez pas pris ce quiz